Quiebra de financieras, banqueros en la palestra

Analizan las repercusiones que tienen las quiebras de las financieras entre la población costarricense. Se estima que a los ahorrantes se les quedó debiendo, aproximadamente, ocho mil millones de colones. Se comenta sobre la necesidad de contar con una legislación adecuada, con mayor responsabilidad...

תיאור מלא

שמור ב:
מידע ביבליוגרפי
פורמט: Texto
נושאים:
תגים: הוספת תג
אין תגיות, היה/י הראשונ/ה לתייג את הרשומה!

MARC

LEADER 00000 a a2200000 04500
001 1712
003
040
245 |a Quiebra de financieras, banqueros en la palestra  
520 |a Analizan las repercusiones que tienen las quiebras de las financieras entre la población costarricense. Se estima que a los ahorrantes se les quedó debiendo, aproximadamente, ocho mil millones de colones. Se comenta sobre la necesidad de contar con una legislación adecuada, con mayor responsabilidad del gobierno y la banca mixta: ambos son temas de profundo debate  
650 |a CONDICIONES ECONOMICAS  
650 |a BANCOS CENTRALES  
650 |a GOBIERNO CENTRAL  
650 |a LEGISLACION ECONOMICA  
650 |a INSTITUCIONES FINANCIERAS  
650 |a QUIEBRA  
650 |a PERDIDA FINANCIERA  
773 |g número 42; páginas 5-6  
999 |c 31977  |d 31977